| 000 | 00418nam a2200157Ia 4500 | ||
|---|---|---|---|
| 008 | 230312s9999||||xx |||||||||||||| ||und|| | ||
| 020 | _a0-07-070129-8 | ||
| 082 |
_a629.1354 _bEIS-A |
||
| 100 | _aEismin;Thomas.K | ||
| 245 | 0 | _aAircraft Electricity & Electronics | |
| 260 |
_bTaTa McGraw Hill _aIndia _c1 |
||
| 300 | _a417 | ||
| 546 | _aEng. | ||
| 650 |
_aEngineering _vAircraft Electricity & Electronics |
||
| 942 | _cBK | ||
| 999 |
_c8941 _d8941 |
||